Introducción al derecho (Registro nro. 158899)
[ vista simple ]
| 000 -LEADER | |
|---|---|
| fixed length control field | 00911ny a22002173n 4500 |
| 008 - FIXED-LENGTH DATA ELEMENTS--GENERAL INFORMATION | |
| fixed length control field | 090127s2003 ck s 000 0 spa d |
| 020 ## - INTERNATIONAL STANDARD BOOK NUMBER | |
| International Standard Book Number | 9586482588 |
| 035 ## - | |
| -- | 2518 |
| 040 ## - CATALOGING SOURCE | |
| Original cataloging agency | UMA.RE |
| Modifying agency | vLex |
| 080 ## - | |
| -- | 340.12(0.034) |
| 090 ## - | |
| -- | 369 |
| -- | 369 |
| 100 1# - MAIN ENTRY--PERSONAL NAME | |
| Personal name | Rojas González, German |
| 245 10 - TITLE STATEMENT | |
| Title | Introducción al derecho |
| Medium | [Recurso electrónico] |
| Statement of responsibility, etc | Germán Rojas González |
| 256 ## - | |
| -- | Servicio en línea |
| 260 ## - PUBLICATION, DISTRIBUTION, ETC. (IMPRINT) | |
| Place of publication, distribution, etc | Bogotá : |
| Name of publisher, distributor, etc | ECOE, |
| Date of publication, distribution, etc | 2003 |
| 506 1# - RESTRICTIONS ON ACCESS NOTE | |
| Terms governing access | Contenido solo disponible en los productos indicados |
| Authorized users | vLex Global |
| -- | vLex Global (Academic Edition, excluding Law Schools) |
| -- | vLex Global (U.S. Academic Edition, Law Schools) |
| -- | vLex Global (U.S. Academic Edition, excluding Law Schools) |
| -- | vLex Global (Academic Edition, Law Schools) |
| 740 0# - | |
| -- | vLex Libros (Servicios en línea) |
| 856 40 - LOCALIZACIÓN Y ACCESO ELECTRÓNICO | |
| Identificador Uniforme del Recurso (URI/URL) | https://app.vlex.com/#/sources/introduccion-derecho-2518 |
| 942 ## - | |
| -- | RAA |
| 999 ## - | |
| -- | 158899 |
| -- | 158899 |
No hay ítems disponibles.